Welcome to the Holygrace Academy Library

Please use search bar below to get started

LIAR LIAR PANTS ON FIRE (Record no. 2727)

MARC details
000 -LEADER
fixed length control field 00337nam a22001337a 4500
020 ## - INTERNATIONAL STANDARD BOOK NUMBER
ISBN 978-9-35103-058-4
082 ## - DEWEY DECIMAL CLASSIFICATION NUMBER
Classification number 823
Item number PAY/L
100 ## - MAIN ENTRY--AUTHOR NAME
Personal name PAYNE, JAN
245 ## - TITLE STATEMENT
Title LIAR LIAR PANTS ON FIRE
Remainder of title CAN YOU SPOT THE TRUTH AMONG THE LIES
260 ## - PUBLICATION, DISTRIBUTION, ETC. (IMPRINT)
Place of publication LONDON
Name of publisher BUSTER BOOKS
300 ## - PHYSICAL DESCRIPTION
Number of Pages 128
650 ## - SUBJECT ADDED ENTRY--TOPICAL TERM
Topical Term ENGLISH SHORT STORY
Geographic subdivision USA
942 ## - ADDED ENTRY ELEMENTS (KOHA)
Koha item type Books
Holdings
Withdrawn status Lost status Collection code Home library Current library Shelving location Date acquired Source of acquisition Cost, normal purchase price Full call number Accession Number Koha item type
    Fiction Main Library Main Library SHELF 3- D- ENGLISH CHILDRENS LITERATURE &MYTHOLOGY 06/10/2015 PURCHASE 250.00 823 PAY/L 03979 Books